00305nam a22000857a 4500008004100000082001300041100002900054245012700083300000900210230619b xxu||||| |||| 00| 0 eng d a302bALH cAbdulla M. Al-Hammadi MD aTorturing A NationbA Documented Study of the Iraqi Aggression Towards Kuwaiti People (2nd August 1990-26th February 1991) a655p